000
00328nam a22001337a 4500
008
170126b xxu||||| |||| 00| 0 eng d
020
_a
9780534254889
041
_a
eng
080
_2
5TH
_a
61
100
_a
3
101
_a
MED
245
_a
INTERVENTION AND REFLECTION BASIC ISSUES IN MEDICAL ETHICS
_c
MUNSON, R
942
_2
udc
_c
BK
999
_c
3798
_d
3798